00546nam a2200193Ia 4500008004100000020001800041082000800059100001200067245003300079250000700112260002500119300001700144500002400161650001400185700003900199942000700238952009000245999001700335230524s9999 xx 000 0 und d a9780074631034 bRAO aP.N.Rao 0aComputer Aided Manufacturing a21 aNew DelhibTMHc2013 a"XIII,409p;" aQuantity Number: 1 aMechanics a" T.K.Kundra, N.K.Tewari "942744 cBK 00104070aTATCLbTATCLcGENd2023-05-24l0o RAOp54090r2023-05-24w2023-05-24yBK c57725d57725